Managing muskies: a treatise on the biology and propagation of muskellunge in North America

Guardado en:
Detalles Bibliográficos
Autor principal: Hall, Gordon E (Autor)
Formato: Libro
Lenguaje:inglés
Publicado: Bethesda American Fisheries Society 1986
Colección:Special Publication, 15
Materias:
Etiquetas: Agregar Etiqueta
Sin Etiquetas, Sea el primero en etiquetar este registro!

MARC

LEADER 00000nam a2200000 a 4500
001 UCL5190
003 CL-VaPUC
005 20211028074331.0
008 040305e19860000us 1 eng d
020 |a 0913235334 
082 0 4 |a 639.3  |b HAL  |2 21 
100 1 |a Hall, Gordon E  |e author  |9 620519 
245 1 0 |a Managing muskies: a treatise on the biology and propagation of muskellunge in North America 
260 |a Bethesda  |b American Fisheries Society  |c 1986 
300 |a 372 p 
490 0 |a Special Publication, 15 
583 |a last modification  |c 20190822 04:09:32  |k Rodrigo Vera 
650 0 7 |a PECES  |2 CL-VaPUC  |9 620520 
650 0 7 |a PISCICULTURA  |2 CL-VaPUC  |9 259974 
650 0 0 |a Distribución geográfica  |9 260005 
942 |c BK 
945 |a cmena  |d 20040305 00:00:00 
546 |a En Inglés 
536 |a American Fisheries Society 
536 |a Muskies, Inc 
518 |p International Symposium Muskellunge in North America, 1, Lacrosse, april 4-6 1984 
999 |c 383995  |d 383993 
952 |0 0  |1 0  |4 0  |6 639_300000000000000_HAL_1986  |7 0  |8 CCM  |9 506347  |a BIBCUR  |b BIBCUR  |d 2020-01-23  |i 3965473  |o 639.3 HAL 1986  |p 3965473  |r 2025-04-22  |w 2020-01-23  |y BK  |k CIM